Zoolander Trivia Quiz Stats

 Plays Quiz Updated Aug 21, 2018

Score 0/20 Timer 05:00
2 Plays Today
Hint Answer % Correct
Actor who plays Derek ZoolanderBen Stiller
96.4%
Derek's occupationMale model
96.2%
Year movie was made2001
86.1%
Actor who plays MugatuWill Ferrell
85%
Derek is not a mermaid, but a ______Mer-man
82.9%
According to Mugatu, he is 'so hot right now'Hansel
82.3%
One of Derek's many 'unique' looksMagnum, Blue Steel, Ferrari, Le Tigre
80.7%
'What is this? A center for ______'ANTS?!
79.8%
Song that triggers Derek to attack'Relax'
74.2%
The actor who plays Derek's agentJerry Stiller
68.9%
Hint Answer % Correct
'Kill the Prime Minister of _______'Malaysia
65.8%
If you're bulimic, you can do this according to DerekRead Minds
58.3%
Judge of the 'walk-off'David Bowie
56.7%
What Mugatu inventedPiano Key Necktie
55.3%
Derek's agentMaury Ballstein
45.1%
'Moisture is the essence of wetness, and _______' (6 words)Wetness is the essence of beauty
37.7%
Plays self, friend of Derek, 'a cool dude'Billy Zane
36.3%
Fashion show Mugatu offers to DerekDerelicte
33.1%
Artist of that songFrankie Goes to Hollywood
31.9%
Name one of Derek's original roommatesRufus, Brint, Meekus
18.1%

You're not logged in!

Compare scores with friends on all Sporcle quizzes.
OR
Log In

Sporcle TV

Today on Sporcle TV


Watch our educational content, quiz creation guides, and fun videos on Sporcle TV.

Show Comments

Extras

Top Quizzes Today


Score Distribution

Your Account Isn't Verified!

In order to create a playlist on Sporcle, you need to verify the email address you used during registration. Go to your Sporcle Settings to finish the process.

Report this User

Report this user for behavior that violates our Community Guidelines.

Details: